| 000 | 00510nam a2200205Ia 4500 | ||
|---|---|---|---|
| 003 | OSt | ||
| 005 | 20140314154624.0 | ||
| 008 | 140130s9999 xx 000 0 und d | ||
| 020 | _a0439318173 | ||
| 050 |
_aPZ 7 _b.T233Im 2001 |
||
| 100 | _aTeitelbaum, Michael | ||
| 245 |
_cMichael Teitelbaum _aIf i could drive a mixer / |
||
| 260 |
_bScholastic, _c2001. _aNew York : |
||
| 300 |
_a22 p. : _bcol. ill. ; _c20 cm. |
||
| 440 | _v1 | ||
| 521 | _aG2 | ||
| 526 | _c390 | ||
| 942 |
_cBK _2lcc |
||
| 999 |
_c40215 _d40215 |
||